000 00384 a2200169 4500
001 69647
020 _a8532234895
040 _cAnchieta - Itaigara
100 _aBastos, Adauri Silva
240 1 0 _aSó meu pai sente saudade
_lpor
245 1 0 _aSó meu pai sente saudade
300 _a38
362 0 _a1997
440 1 _aFTD
650 4 _aLiteratura infanto-juvenil
942 _cBK
999 _c69647
_d69647